Kings League Italy Teams - Statistics

General Stats
  • This quiz has been taken 60 times
  • The average score is 11 of 12
Answer Stats
Answer % Correct
Stallions
100%
TRM FC
96%
Underdogs FC
96%
Gear 7 FC
94%
Boomers
92%
FC Zeta
92%
Alpak FC
90%
Circus FC
88%
Zebras FC
88%
Black Lotus FC
85%
Punchers FC
85%
FC Caesar
81%
No matching quizzes found
Score Distribution
Percent of People with Each Score
Percentile by Number Answered
Your Score History
You have not taken this quiz